000 00238nam a2200109Ia 4500
008 240625s9999 xx 000 0 und d
041 _aeng
082 _a658.155 THR
100 _aTHRUN WALT
245 _aMAXIMIZING PROFIT
260 _c2003
999 _c34909
_d34909